Größte Flughäfen Europas - Statistiken

Allgemein
  • Dieses Quiz wurde 150 mal gespielt
  • Das Durchschnittsergebnis liegt bei 9 aus 10
Antwortstatistiken
Anzahl Stadt % Korrekt
59,36 Mio. Frankfurt am Main (FRA)
98%
79,18 Mio. London Heathrow (LHR)
96%
67,42 Mio. Paris Charles De Gaulle (CDG)
96%
60,18 Mio. Madrid Barajas (MAD)
95%
40,94 Mio. Rom (FCO)
95%
49,88 Mio. Barcelona (BCN)
83%
61,89 Mio. Amsterdam Schiphol (AMS)
81%
76,03 Mio. Istanbul Airport (IST)
81%
37,10 Mio. Istanbul Sabia Gökçen (SAW)
81%
40,90 Mio. London Gatwick (LGW)
75%
Keine übereinstimmenden Quizze gefunden
Verteilung der Resultate
Anzahl Personen mit jedem Resultat
Perzentil nach korrekt beantworteten Fragen
Ihre Resultats-Entwicklung
Sie haben dieses Quiz noch nicht gespielt